01488nam a2200325Ia 450000500170000000800410001702000150005810000280007324501070010125000190020830000590022749000230028650000420030952003160035165000530066765000570072065000300077765000370080765000390084470000460088370000400092994200150096926400290098433600270101333700330104033800280107304000350110108400110113699900150114720220317000503.0160601s2000 sp a g 000 0 spa  a84204466961 aWhite, E. B,d1899-198510aStuart Little cE. B. White ; traducción de Héctor Silva Miguez ; ilustraciones de Garth Willliams a1a. edición  a142 págnasbilustraciones en blanco y negro c20 cm  aAlfaguara infantil aIncluye datos biográficos del autor aStuart es el hijo menor del matrimonio Little, una sencilla familia que vive en Nueva York. Pero Stuart presenta una característica extraordinaria : es un ratón. Su vida, sin embargo, transcurre con naturalidad y sus aventuras, llenas de ingenioso humor, cautivarán inmediatamente a los jóvenes lectores14aNovela infantil estadounidense ySiglo XX2LEMB 14aLiteratura infantil estadounidense ySiglo XX2LEMB 14aRatones en la literatura 14aFamilia en la literatura 2LEMB 14aAventuras en la literatura 2LEMB 1 aSilva Miguez, Héctoretraductor 9463501 aWilliams, Gartheilustrador 946351 2loccBKINF aMadrid bAlfaguarac2000 atextobtxt2rdacontent asin mediaciónbn2rdamedia avolumenbnc2rdacarrier aCO-BoRNBPbspaerdacCO-BoRNBP aN WHI2 c4189d4189